Averaging methods in nonlinear dynamical systems
Saved in:
| Main Author: | |
|---|---|
| Other Authors: | |
| Format: | Book |
| Language: | English |
| Published: |
New York :
Springer-Verlag,
c1985
|
| Series: | Applied mathematical sciences (Springer-Verlag New York Inc.)
; 59 |
| Subjects: | |
| Tags: |
Add Tag
No Tags, Be the first to tag this record!
|
MARC
| LEADER | 00000cam a2200000 i 4500 | ||
|---|---|---|---|
| 001 | 1/31573 | ||
| 008 | 941103s1985 eng d | ||
| 020 | |a 0387962298 | ||
| 035 | |l 10038864 | ||
| 040 | |a GR-MY-UA |b gre |e aacr | ||
| 041 | 0 | |a eng | |
| 082 | 0 | |a 515.355 |2 (19) | |
| 100 | 1 | |a Sanders, J. A. |q (Jan A.) | |
| 245 | 1 | 0 | |a Averaging methods in nonlinear dynamical systems / |c J.A. Sanders, F. Verhulst |
| 260 | |a New York : |b Springer-Verlag, |c c1985 | ||
| 300 | |a x, 247 p.; |b ill.; |c 24 cm. | ||
| 490 | 1 | |a Applied mathematical sciences (Springer-Verlag New York Inc.) |v ; 59 | |
| 500 | |a Includes bibliographies and index | ||
| 650 | 0 | 0 | |a Differential equations, Nonlinear |x Numerical solutions. |
| 650 | 0 | 0 | |a Differentiable dynamical systems. |
| 650 | 0 | 0 | |a Averaging method (Differential equations) |
| 700 | 1 | |a Verhulst, Ferdinand |d 1939- | |
| 830 | 0 | |a Applied mathematical sciences (Springer-Verlag New York Inc.) |v ; 59 | |
| 852 | |a INST |b SAMOS |e 19941103 |h 515.355 SAN |p 005300001415 |q 005300001415 |t BK |y 0 | ||
| 909 | |a Σ |b 009315 | ||